Science Quiz

Random Science or Biology Quiz

Scientists and Inventors in Movies Quiz Stats

 Plays Quiz Updated Aug 4, 2018

Support Sporcle.
Go Orange.
Score 0/20 Timer 07:00
1 Play Today
% Correct
Albert Einstein (Walter Matthau) - I.Q.
91%
Leonardo da Vinci (Patrick Godfrey) - Ever After: A Cinderella Story
90.1%
Charles Darwin (Paul Bettany) - Creation
88.4%
Stephen Hawking (Eddie Redmayne) - The Theory of Everything
88.2%
Sir Isaac Newton (Harpo Marx) - The Story of Mankind
86.8%
Marie and Pierre Curie (Greer Garson & Walter Pidgeon) - Madame Curie
83.2%
Benjamin Franklin (Charles Ruggles - voice) - Ben and Me
81.5%
Nikola Tesla (David Bowie) - The Prestige
81.3%
Thomas Edison (Spencer Tracy) - Edison, the Man
81%
Sigmund Freud (Viggo Mortensen) - A Dangerous Method
77.8%
% Correct
Howard Hughes (Leonardo DiCaprio) - The Aviator
77.5%
Louis Pasteur (Paul Muni) - The Story of Louis Pasteur
77%
Alan Turing (Benedict Cumberbatch) - The Imitation Game
66.7%
J. Robert Oppenheimer (Dwight Schultz) - Fat Man and Little Boy
57.5%
Alfred Kinsey (Liam Neeson) - Kinsey
47.6%
John Nash (Russell Crowe) - A Beautiful Mind
44.5%
Dian Fossey (Sigourney Weaver) - Gorillas in the Mist
42.4%
Werner Heisenberg (Daniel Craig) - Copenhagen
41.6%
Ada Lovelace (Tilda Swinton) - Conceiving Ada
28.8%
Katherine Johnson (Taraji P. Henson) - Hidden Figures
14.5%

You're not logged in!

Compare scores with friends on all Sporcle quizzes.
OR
Log In

From the Vault

International Football XIs: Brazil

by Freddie

With just a few more months left until the 2014 World Cup, it's time to start getting excited.
Remove Ads.
Support Sporcle.
Get the best of Sporcle when you Go Orange. This ad-free experience offers more features, more stats, and more fun while also helping to support Sporcle. Thank you for becoming a member.

Show Comments

Extras

Top Quizzes Today


Score Distribution

Your Account Isn't Verified!

In order to create a playlist on Sporcle, you need to verify the email address you used during registration. Go to your Sporcle Settings to finish the process.

Report this User

Report this user for behavior that violates our Community Guidelines.

Details: